000 00396nam a22001697a 4500
003 OSt
005 20260606123510.0
008 260606b |||||||| |||| 00| 0 eng d
020 _a9781032269252
082 _a621.042 TWR
100 _aTWIDELL,John
245 _aRenewable Energy Resources
250 _a4th Ed
260 _aHyderabad
_bBSP Books
_c2022
300 _a742p.
942 _2ddc
_cREF
999 _c14015
_d14015